[Event "Joao Pessoa op 08"]
[Site "Joao Pessoa"]
[Date "2013.08.04"]
[Round "5"]
[White "Ferreira, Alexander da Silva"]
[Black "De Moura, Eden Barboza Alves"]
[Result "1-0"]
[WhiteElo "1718"]
[BlackElo "1800"]
[PlyCount "100"]
[EventDate "2013.08.02"]
[EventType "swiss"]
[EventRounds "6"]
[EventCountry "BRA"]
[SourceTitle "CBM 155 Extra"]
[Source "ChessBase"]
[SourceDate "2013.08.26"]
[SourceVersion "1"]
[SourceVersionDate "2013.08.26"]
[SourceQuality "1"]

1. e4 d6 2. d4 Nf6 3. Bc4 d5 4. exd5 Nxd5 5. Qh5 e6 6. Bg5 Be7 7. Bxe7 Nxe7 8. Nf3 0-0 9. Ng5 h6 10. Nf3 Nbc6 11. c3 Nf5 12. Nbd2 Re8 13. g4 Nd6 14. 0-0-0 Bd7 15. Bd3 f6 16. h4 Nf7 17. Bg6 Re7 18. g5 fxg5 19. hxg5 Be8 20. Bxf7+ Rxf7 21. gxh6 Rf6 22. Qg5 g6 23. h7+ Kh8 24. Rh6 Qe7 25. Nh4 Qg7 26. Rg1 Ne7 27. Ne4 Rf8 28. Nxg6+ Bxg6 29. Rxg6 Nxg6 30. Qxg6 Qxh7 31. Qxh7+ Kxh7 32. Ng5+ Kh6 33. Nxe6 Rxf2 34. Rh1+ Kg6 35. Nxc7 Raf8 36. Re1 Rf1 37. Rxf1 Rxf1+ 38. Kc2 Rf7 39. Nd5 Rf2+ 40. Kb3 Kf7 41. a4 Ke6 42. Ne3 Kd6 43. Nc4+ Kd5 44. Kb4 a5+ 45. Kb5 Re2 46. b3 Re6 47. Nb6+ Kd6 48. Kxa5 Kc6 49. d5+ Kd6 50. dxe6 Kxe6 1-0